000 01177nam a2200313 i 4500
003 EG-GICUC
005 20260121101532.0
008 251222s2016 ua ||||fr|||| 00| 0 ara d
017 _a2014/26301
040 _a EG-GICUC
_bara
_c EG-GICUC
_d EG-GICUC
_erda
041 0 _aara
082 0 4 _221
_a345.45
_bأ ح . م
092 0 4 _221
099 _aLaw1 07 345.45 أ ح . م 2016
100 0 _aأحمد سليمان عبد الراضي محمد
_eمؤلف.
245 1 2 _aالمسئولية التاديبية الأعضاء المجالس النيابية/
_cدكتور أحمد سليمان عبد الراضي محمد.
264 1 _aالقاهرة :
_bدار النهضة العربية،
_c2016.
300 _a676 ؛ صفحة
_c24 سم.
336 _2rda content
_atext
337 _2rda media
_aComputer
338 _2rda carrier
_aOnline Resource
504 _a. 652-663ببليوجرافيا: صفحات
546 _aالنص باللغة العربية
650 1 4 _aالسلطات التاديبية
650 1 4 _aالقانون الإدارى
856 4 0 _uhttps://fll.law.cu.edu.eg/fulltext/bks/B07-01626.pdf
905 _a77
942 _2ddc
_cBK
_e21
_n0
999 _c52183
_d52183